Acta Instituti forestalis Zvolenensis
| Format: | Serial |
|---|---|
| Language: | Slovak English German |
| PhysicalDescription: | 9 zv. 24 cm |
| Published: |
Bratislava
Vydavateľstvo Slovenskej akadémie vied
1968-1999
Bratislava Slovac Academic Press |
| ISBN: | 8085665069 (brož. : 8/1992) 8088908590 (brož. : 9/1999) |
| ISSN: | 0374-5325 |
| Subjects: |
MARC
| LEADER | 00000cas a2200000 a 4500 | ||
|---|---|---|---|
| 001 | vtls010518221 | ||
| 003 | SK-MaSNL | ||
| 005 | 20260228155915.0 | ||
| 008 | 130610d19681999xo ux0 r 0 a0slo | ||
| 015 | |a SNBA2001/03-00727 (9/1999) | ||
| 020 | |a 8085665069 (brož. : 8/1992) | ||
| 020 | |a 8088908590 (brož. : 9/1999) | ||
| 022 | |a 0374-5325 | ||
| 040 | |a SNMK |b slo |c SNMK |d SNK |e AACR2 | ||
| 041 | 0 | |a slo |a eng |a ger |b eng |b ger |b rus | |
| 044 | |a xo |c SK | ||
| 072 | 7 | |a 630 |x Lesníctvo |2 konspekt | |
| 080 | |a 630 |2 2011 | ||
| 080 | |a (048.8) |2 2011 | ||
| 210 | 0 | |a Acta Inst. for. Zvolen. | |
| 222 | 0 | |a Acta Instituti forestalis Zvolenensis | |
| 245 | 0 | 0 | |a Acta Instituti forestalis Zvolenensis |
| 260 | |a Bratislava |b Vydavateľstvo Slovenskej akadémie vied |c 1968-1999 | ||
| 260 | 3 | |3 1999 |a Bratislava |b Slovac Academic Press | |
| 300 | |a 9 zv. |c 24 cm | ||
| 310 | |a Nepravidelne | ||
| 362 | 0 | |a 1 (1968)-9 (1999) | |
| 500 | |a Popis podľa: 8 (1992) | ||
| 504 | |a Bibliogr. odkazy | ||
| 546 | |a Text v nem., angl. ; resumé v angl., nem. a rus. | ||
| 650 | 0 | 7 | |a lesníctvo |2 SNKPH |9 1255 |
| 650 | 0 | 7 | |a Forestry |2 SNKPHeng |9 265216 |
| 655 | 7 | |a štúdie |2 SNKPH |9 57033 | |
| 655 | 7 | |a Studies |2 SNKPHeng |9 265573 | |
| 710 | 2 | |a Lesnícky výskumný ústav (Zvolen, Slovensko) |4 pbl |9 32263 | |
| 910 | |a snmk | ||
| 910 | |a snk | ||
| 919 | |a 80-85665-06-9 | ||
| 919 | |a 80-88908-59-0 | ||
| 999 | |c 860 |d 860 | ||
| 952 | |0 0 |1 0 |4 0 |7 0 |a SNK |b SNK |d 2010-01-13 |i snkKSP 1276/79 |l 0 |o snkČSC 1422/5/1978 D1 |p 17A0636848 |r 2026-02-21 19:31:24 |w 2026-02-21 |y PREZ | ||
| 952 | |0 0 |1 0 |4 0 |7 0 |a SNK |b SNK |d 2006-03-21 |i snkKSP 4943/68 |l 0 |o snkČSC 1422/1/1968 D1 |p 17A0500883 |r 2026-02-21 19:47:18 |w 2026-02-21 |y PREZ | ||
| 952 | |0 0 |1 0 |4 0 |7 0 |a SNK |b SNK |d 2006-03-21 |l 0 |o snkČSC 1422/4/1973 D1 |p 17A0500831 |r 2026-02-21 19:47:18 |w 2026-02-21 |y PREZ | ||
| 952 | |0 0 |1 0 |4 0 |7 0 |a SNK |b SNK |d 2006-03-22 |i snkKSP 745/89 |l 0 |o snkČSC 1422/7/1988 D1 |p 17A0500673 |r 2026-02-21 20:07:03 |w 2026-02-21 |y PREZ | ||
| 952 | |0 0 |1 0 |4 0 |7 0 |a SNK |b SNK |d 2001-01-16 |i snkKSP 757/2001 |l 0 |o snkČSC 1422/9/1999 |p 17A0264199 |r 2005-01-02 00:00:00 |w 2026-02-21 |y PREZ | ||
| 952 | |0 0 |1 0 |4 0 |7 0 |a SNK |b SNK |d 2001-01-16 |i snkKSP 758/2001 |l 0 |o snkČSC 1422/9/1999 D1 |p 17A0264200 |r 2005-01-02 00:00:00 |w 2026-02-21 |y PREZ | ||
| 952 | |0 0 |1 0 |4 0 |7 0 |a SNK |b SNK |d 2001-09-05 |l 0 |o snkČSC 1422/1/1968 |p 17A0311666 |r 2005-01-02 00:00:00 |w 2026-02-21 |y PREZ | ||
| 952 | |0 0 |1 0 |4 0 |7 0 |a SNK |b SNK |d 2012-12-14 |i snkKSP 4857/71 |l 0 |o snkČSC 1422/2/1971 D1 |p 17A1021184 |r 2026-02-21 21:13:20 |w 2026-02-21 |y PREZ | ||


